複数の政令指定都市に隣接する市町村 - Statistics

General Stats
  • This quiz has been taken 79 times
  • The average score is 4 of 6
Answer Stats
都道府県 市町村 隣接政令市 % Correct
東京都 町田市 横浜市・川崎市・相模原市
90%
神奈川県 大和市 横浜市・相模原市
83%
静岡県 榛原郡川根本町 静岡市・浜松市
68%
大阪府 松原市 大阪市・堺市
66%
長野県 飯田市 静岡市・浜松市
39%
静岡県 島田市 静岡市・浜松市
39%
No matching quizzes found
Score Distribution
Percent of People with Each Score
Percentile by Number Answered
Your Score History
You have not taken this quiz